| 000 | 01469 a2200229 4500 | ||
|---|---|---|---|
| 001 | 25354 | ||
| 005 | 20260407155538.0 | ||
| 008 | 260407a2004 arg spa d | ||
| 003 | AR-UNSa-BCEJYS | ||
| 040 |
_aAR-UNSa-BCEJYS _bspa _cAR-UNSa-BCEJYS |
||
| 080 |
_a657.05 _xContabilidad de gestión (Contabilidad gerencial, control de gestión...) |
||
| 245 | 1 | 0 |
_aGuías de Control de Gestión, para profesionales y maestrandos _pdesde la contabilidad de gestión y hacia los tableros de comando |
| 020 | _a987-9417-77-8 | ||
| 264 | 1 |
_aSan Miguel de Tucumán : _bEdiciones El Graduado _c2004 |
|
| 300 |
_a383 p. _c29 cm. |
||
| 505 | _a1. ¿Cuál es la idea? - 2. El marco del sistema integrado de información - 3. Estudio y análisis del planeamiento estratégico - 4. Estudio y análisis del control de gestión(I) - 5. Estudio y análisis del control de gestión (II) - 6. El sistema de información gerencial - 7. Estudio y análisis de la contabilidad de gestión - 8. Análisis diagnóstico a trvés de la planeación presupuestaria - 9. El programa de presupuesto integrada - 10. Presupuesto específico de ventas - 11. Presupuesto específico de compras - 12. Presupuesto fijo de producción. | ||
| 942 | _cBK | ||
| 590 | _aniveau_biblio:m niveau_hierar:0 | ||
| 100 | 1 | _aOstengo, Héctor Carlos | |
| 700 | 1 | _aNorton de Ostengo, María R. | |
| 856 | 4 | 1 |
_uhttps://biblioeco.unsa.edu.ar/pmb/images/libros/Guias de Control de Gestion.jpg _yImagen de portada _qimage/jpeg |
| 999 |
_c1370 _d1370 |
||